A bird calendar for Northern India / (Record no. 75258)
[ view plain ]
| 000 -LEADER | |
|---|---|
| fixed length control field | 00691nam a2200229 a 4500 |
| 001 - CONTROL NUMBER | |
| control field | 75258 |
| 003 - CONTROL NUMBER IDENTIFIER | |
| rucl marc code | BD-RjUL |
| 005 - DATE AND TIME OF LATEST TRANSACTION | |
| control field | 20211209082651.0 |
| 008 - FIXED-LENGTH DATA ELEMENTS--GENERAL INFORMATION | |
| fixed length control field | 190207s1961 ii b 001 0 eng |
| 035 ## - SYSTEM CONTROL NUMBER | |
| System control number | (BD-RjUL)75476 |
| 040 ## - CATALOGING SOURCE | |
| Original cataloging agency | DLC |
| Transcribing agency | DLC |
| Modifying agency | DLC |
| -- | BD-RjUL |
| Language of cataloging | eng |
| 041 ## - LANGUAGE CODE | |
| Language code of text/sound track or separate title | eng |
| 082 ## - DEWEY DECIMAL CLASSIFICATION NUMBER | |
| Edition number | 23 |
| Classification number | 598.0954 |
| Author mark and year | DEB 1961 |
| 100 1# - MAIN ENTRY--PERSONAL NAME | |
| Personal name | Dewar, Douglas, |
| Dates associated with a name | 1875-1957. |
| 9 (RLIN) | 227902 |
| 245 12 - TITLE STATEMENT | |
| Title | A bird calendar for Northern India / |
| Statement of responsibility, etc. | by Douglas Dewar. |
| 260 ## - PUBLICATION, DISTRIBUTION, ETC. (IMPRINT) | |
| Place of publication, distribution, etc. | London : |
| -- | Calcutta : |
| Name of publisher, distributor, etc. | W. Thacker & Co. ; |
| Place of publication, distribution, etc. | Simla : |
| Name of publisher, distributor, etc. | Thacker ; |
| -- | Spink & Co., |
| Date of publication, distribution, etc. | 1916, 1961 |
| 300 ## - PHYSICAL DESCRIPTION | |
| Pagination | 211 p. ; |
| Size | 18 cm. |
| 500 ## - GENERAL NOTE | |
| General note | Includes index. |
| 650 ## - SUBJECT ADDED ENTRY--TOPICAL TERM | |
| Topical term or geographic name as entry element | Birds |
| Geographic subdivision | India |
| 9 (RLIN) | 227903 |
| 942 ## - ADDED ENTRY ELEMENTS (KOHA) | |
| Source of classification or shelving scheme | Dewey Decimal Classification |
| Koha item type | Books |
| Lost status | Source of classification or shelving scheme | Damaged status | Not for loan | Collection code | Permanent Location | Current Location | Shelving location | Date acquired | Source of acquisition | Total Checkouts | Full call number | Date last seen | Copy number | Koha item type |
|---|---|---|---|---|---|---|---|---|---|---|---|---|---|---|
| Dewey Decimal Classification | Not For Loan | Non-fiction | Central Library, University of Rajshahi | Central Library, University of Rajshahi | Reading Room | 16/07/1955 | Lahore , P.L.P | 598.0954 DEB 1961 | 07/02/2019 | C-1 | Books |